| 000 | 00464nam a2200157Ia 4500 | ||
|---|---|---|---|
| 999 |
_c12094 _d12094 |
||
| 003 | OSt | ||
| 005 | 20201005111257.0 | ||
| 008 | 190216s9999||||xx |||||||||||||| ||und|| | ||
| 040 | _coclc | ||
| 082 |
_a823 _bBHA/S |
||
| 100 |
_aBhattacharya, Bhabani _93045 |
||
| 245 | 0 |
_aSteel Hawk And Other Stories / _cBhabani Bhattacharya |
|
| 260 |
_bOrient Paper Back, _c1968. _aNew delhi: |
||
| 300 | _a132p | ||
| 942 |
_cBK _2ddc _h823 _iBHA/S _k823 _mBHA/S |
||